000 02804cam a2200169 4500500
005 20260426012534.0
041 _afre
042 _adc
100 1 0 _aUzunidis, Dimitri
_eauthor
245 0 0 _aFrançois Chesnais (éd.) : La finance mondialisée. Racines sociales et politiques, configuration, conséquences coll. Textes à l’appui, série Economie, La découverte, Paris, 2004, 269 pages.
260 _c2005.
500 _a77
520 _aL’hypothèse centrale de cet article est que les TIC n’interviennent que de manière secondaire dans les choix de localisation des activités de R&D. L’impact des TIC est en général envisagé en termes de compensation entre proximité géographique et proximité organisationnelle. Nous proposons d’ajouter à ces deux dimensions de la proximité, une troisième dimension : la proximité cognitive. L’action des TIC doit être décomposée selon ces trois dimensions. Or les TIC modifient de l’intérieur les conditions de fonctionnement de la R&D, en agissant sur les paramètres qui caractérisent la proximité cognitive. Par conséquent, l’impact que les TIC peuvent avoir sur la localisation et l’organisation de la R&D des entreprises varie selon les secteurs et les formes d’activité de recherche. Par ailleurs, les TIC jouent, dans certaines activités, un rôle essentiel dans l’efficacité de la politique d’innovation, à travers l’impact sur la qualité, les coûts et les délais des processus de recherche, en particulier au sein des « centres de recherches étendus »
520 _aITC and the economy of proximity. Organisation and location of global entreprises R&D The main hypothesis of this paper is that ICTs influence on location choices of R&D activities is only secondary. ICTs impact has been so far considered mainly in terms of a trade off between geographical and organisational proximity. Here we propose to add to these two dimensions of proximity, a third dimension : cognitive proximity. ICTs influence has to be analysed according to these three dimensions. Concerning the third dimension , ICT are modifying conditions and functioning of R&D activities from inside, because they are transforming parameters characterizing cognitive proximity. Therefore, their impact on location and organization of enterprises R&D depends on industries and types of research activities. Furthermore, ICT are playing a central role in rising the efficiency of the process of innovation production, by modifying quality, costs and length of research processes, particularly in the case of “ extended research centers”.
786 0 _nInnovations | 21 | 1 | 2005-03-01 | p. 273c-292c | 1267-4982
856 4 1 _uhttps://shs.cairn.info/revue-innovations-2005-1-page-273c?lang=fr&redirect-ssocas=7080
999 _c2224225
_d2224225